| 000 | 00405nam a22001457a 4500 | ||
|---|---|---|---|
| 005 | 20200604110526.0 | ||
| 008 | 200604b xxu||||| |||| 00| 0 eng d | ||
| 082 | _a345.4 AIR | ||
| 110 |
_aThe All India Reporter _95783 |
||
| 245 | _aThe All India Reporter1966 (V-53) SUPRIM COURT Section | ||
| 260 |
_aBOMBAY _bThe All India Reporter Ltd. _c1966 |
||
| 300 | _a1200p. | ||
| 650 |
_aLAW _95701 |
||
| 942 | _cJRL | ||
| 999 |
_c6808 _d6806 |
||